000
00311nam a2200133Ia 4500
005
20260326235502.0
008
260326s9999||||xx |||||||||||||| ||und||
100
_a
Gentleman, David
245
0
_a
Artwork /
_c
David Gentleman
260
_b
Penguin Random House
300
_a
191 p.
650
_a
ARTE
942
_c
BK
999
_c
8090
_d
8090